|
|
|
|
| LEADER |
03619nam a22003973i 4500 |
| 001 |
EBC6956305 |
| 003 |
MiAaPQ |
| 005 |
20231204023223.0 |
| 006 |
m o d | |
| 007 |
cr cnu|||||||| |
| 008 |
231204s2021 xx o ||||0 ger d |
| 020 |
|
|
|a 9783839456767
|q (electronic bk.)
|
| 020 |
|
|
|z 9783732856763
|
| 035 |
|
|
|a (MiAaPQ)EBC6956305
|
| 035 |
|
|
|a (Au-PeEL)EBL6956305
|
| 035 |
|
|
|a (OCoLC)1264710108
|
| 040 |
|
|
|a MiAaPQ
|b eng
|e rda
|e pn
|c MiAaPQ
|d MiAaPQ
|
| 100 |
1 |
|
|a Frankenberg, Natascha.
|
| 245 |
1 |
0 |
|a Queere Zeitlichkeiten in dokumentarischen Filmen :
|b Untersuchungen an der Schnittstelle von Filmwissenschaft und Queer Studies.
|
| 250 |
|
|
|a 1st ed.
|
| 264 |
|
1 |
|a Bielefeld :
|b transcript,
|c 2021.
|
| 264 |
|
4 |
|c ©2021.
|
| 300 |
|
|
|a 1 online resource (233 pages)
|
| 336 |
|
|
|a text
|b txt
|2 rdacontent
|
| 337 |
|
|
|a computer
|b c
|2 rdamedia
|
| 338 |
|
|
|a online resource
|b cr
|2 rdacarrier
|
| 490 |
1 |
|
|a Film
|
| 505 |
0 |
|
|a Cover -- Inhalt -- 1. Einleitung -- 1.1 Zeitstörungen -- 1.2 Queer Cinema Studies und Zeitlichkeit -- 1.3 Filmauswahl -- 1.4 Queerness -- 1.5 Struktur -- 2. Die Auseinandersetzung mit Zeitlichkeit in den Queer Studies -- 2.1 Verkörperungen und Historiografie -- 2.2 Die (Un‑)Möglichkeit queerer Zeitlichkeit -- 2.3 Queere (affektive) Historiografie -- 2.4 Queere Archive -- 2.5 Konstruktionen von Bewegungsgeschichte_n und Bewegungsfilm -- 3. Zeit als Ordnungsstruktur in filmwissenschaftlichen Ansätzen -- 3.1 Zeitlichkeit in der medialen Struktur des Films -- 3.2 Normative Zeitlichkeiten -- 3.3 Geschlecht und Zeitlichkeit im Film -- 3.4 Dokumentarfilme und Historiografie -- 3.5 Zeitlichkeit und Materialität von Film -- 4. Queere Zeitlichkeiten und Medialität(en) -- 4.1 Filmische Zeitlichkeiten in den Queer Studies -- 4.2 Mediale Bewegunggeschichten im It gets better Project -- 4.3 Umgang mit normativen Zeitlichkeiten in Analysen der Queer Studies -- 4.4 Bewegungsgeschichte_n und/als Filmgeschichte_n -- 4.5 Trauer und Tod in filmhistoriografischer Perspektive -- 4.6 Materialitäten -- 4.7 Queer Cinema Studies unter dem Aspekt von Zeitlichkeit -- 5. Die Medialität Queerer Zeitlichkeiten in dokumentarischen Filmen -- 5.1 Ehe und Tod als zeitliche Strukturen im Film -- 5.1.1 Edie and Thea: A Very Long Engagement: Gleichstellung und Film -- 5.1.2 Silverlake Life: The View from Here -- 5.1.3 Fazit der Analyse der beiden Filme -- 5.2 Die Produktivität von Filmgeschichten -- 5.2.1 Vorgeschichte -- 5.2.2 The Celluloid Closet und das Narrativ der positiven Veränderungen -- 5.2.3 The Owls -- 5.2.4 Vergleich mit The Watermelon Woman -- 5.2.5 Hide and Seek -- 5.2.6 Vergleich der beiden Filme -- 5.3 Materialitäten -- 5.3.1 Barbara Hammers Politik der Abstraktion -- 5.3.2 Generations.
|
| 505 |
8 |
|
|a 5.3.3 Einschub: The Ballad of Genesis and Lady Jaye - Liebe als medieninhärentes zukünftiges Versprechen -- 5.3.4 Barbara Hammers frühe Filme -- 6. Hier ein Ende -- Bibliografie -- Literatur -- Filmografie -- Dank.
|
| 588 |
|
|
|a Description based on publisher supplied metadata and other sources.
|
| 590 |
|
|
|a Electronic reproduction. Ann Arbor, Michigan : ProQuest Ebook Central, 2023. Available via World Wide Web. Access may be limited to ProQuest Ebook Central affiliated libraries.
|
| 655 |
|
4 |
|a Electronic books.
|
| 776 |
0 |
8 |
|i Print version:
|a Frankenberg, Natascha
|t Queere Zeitlichkeiten in dokumentarischen Filmen
|d Bielefeld : transcript,c2021
|z 9783732856763
|
| 797 |
2 |
|
|a ProQuest (Firm)
|
| 830 |
|
0 |
|a Film
|
| 856 |
4 |
0 |
|u https://ebookcentral.proquest.com/lib/matrademy/detail.action?docID=6956305
|z Click to View
|